| 000 | 00764nam a2200253Ia 4500 | ||
|---|---|---|---|
| 003 | GCL | ||
| 008 | 140319s9999 xx 000 0 ara d | ||
| 040 |
_aGCL / _cGCL |
||
| 082 | 0 | 4 |
_aق _b932 _bج م |
| 100 | 1 | _aيويوت، جان | |
| 245 | 1 | 0 |
_aمعجم الحضارة المصرية القديمة / _cيويوت، جان |
| 700 | 1 | _aبوزنر، جورج | |
| 700 | 1 | _aادواردز، ا | |
| 700 | 1 | _aف.ل. ليونيه | |
| 700 | 1 | _aدوريس، جان | |
| 700 | 1 | _aامين سلامة | |
| 260 |
_a[S.N] : _bالهيئة المصرية العامة للكتاب ، _c1992 |
||
| 300 | _a277 ص | ||
| 490 | _a | ||
| 650 | 0 | 4 | _aتاريخ |
| 650 | 0 | 4 | _aمصر القديمة |
| 650 | 0 | 4 | _aالحضارة الفرعونية |
| 942 |
_2ddc _cBK |
||
| 999 |
_c57740 _d57740 |
||